00323nam a2200133Ia 4500008004100000041000800041082001500049100001300064245004500077260002900122300002100151365001100172440000600183240624s9999 xx 000 0 und d aeng a344.01 PUR aPURI S D aTREATISE ON INDUSTRIAL DISPUTES ACT 1947 c2008aMumbaibSnow White a1147. : cm. ; 25 cRSb15 v1